[Event "3rd Julian Borowski A"]
[Site "Essen GER"]
[Date "2001.05.10"]
[Round "8"]
[White "Lutz,C"]
[Black "Nijboer,F"]
[Result "1-0"]
[WhiteElo "2614"]
[BlackElo "2580"]
[EventDate "2001.05.02"]

1. e4 c5 2. Nf3 Nc6 3. d4 cxd4 4. Nxd4 Nf6 5. Nc3 e5 6. Ndb5 d6 7. Bg5 a6
8. Na3 b5 9. Bxf6 gxf6 10. Nd5 f5 11. Bd3 Be6 12. O-O Bxd5 13. exd5 Ne7 14.
c3 Bg7 15. Qh5 Qd7 16. Rad1 Rc8 17. Nc2 O-O 18. f3 h6 19. f4 e4 20. Be2 Rc5
21. Ne3 Qa7 22. Kh1 Rxc3 23. Nxf5 Nxf5 24. Qxf5 Re3 25. Qh5 Qe7 26. Rd2 Rc8
27. g4 b4 28. g5 hxg5 29. fxg5 b3 30. axb3 Rxb3 31. Bg4 e3 32. g6 Qe4+ 33.
Rg2 fxg6 34. Qh3 Re8 35. Be6+ Rxe6 36. Qxe6+ Qxe6 37. dxe6 Rb5 38. Rxg6 Kh7
39. Rfg1 Bh6 40. Rf6 Re5 41. Rf7+ 1-0

[Event "3rd Julian Borowski A"]
[Site "Essen GER"]
[Date "2001.05.10"]
[Round "8"]
[White "Bischoff,K"]
[Black "Smagin,S"]
[Result "1-0"]
[WhiteElo "2533"]
[BlackElo "2613"]
[EventDate "2001.05.02"]

1. c4 e6 2. g3 d5 3. Bg2 dxc4 4. Qa4+ Nd7 5. Qxc4 c5 6. d3 Ne7 7. Qb3 a6 8.
a4 Rb8 9. Bf4 e5 10. Bg5 f6 11. Bd2 Nc6 12. Nf3 c4 13. dxc4 Nc5 14. Qe3 Be6
15. O-O e4 16. b4 exf3 17. bxc5 Nd4 18. Bxf3 Bxc5 19. Bd5 Kf7 20. Nc3 Re8
21. Qd3 Kf8 22. Rab1 b5 23. axb5 axb5 24. Be3 b4 25. Na4 Bxd5 26. Nxc5 1-0

[Event "3rd Julian Borowski A"]
[Site "Essen GER"]
[Date "2001.05.10"]
[Round "8"]
[White "Gurevich,M"]
[Black "Sutovsky,E"]
[Result "0-1"]
[WhiteElo "2688"]
[BlackElo "2604"]
[EventDate "2001.05.02"]

1. c4 Nf6 2. Nc3 d5 3. cxd5 Nxd5 4. g3 g6 5. Bg2 Nxc3 6. bxc3 Bg7 7. Rb1
Nc6 8. Qc2 O-O 9. d3 Qd7 10. Nf3 b6 11. Bf4 Bb7 12. O-O Na5 13. e4 c5 14.
Rbc1 Rac8 15. Qe2 Ba6 16. Rfd1 Rfd8 17. Bf1 Qa4 18. h4 Rc6 19. h5 Bc8 20.
hxg6 hxg6 21. Ne5 Bxe5 22. Bxe5 f6 23. Bf4 e5 24. Be3 Rcd6 25. d4 Bb7 26.
Qg4 Kg7 27. Be2 Nc4 28. Bxc4 Qxc4 29. dxc5 Qxe4 0-1

[Event "3rd Julian Borowski A"]
[Site "Essen GER"]
[Date "2001.05.10"]
[Round "8"]
[White "Jussupow,A"]
[Black "Dautov,R"]
[Result "1/2-1/2"]
[WhiteElo "2645"]
[BlackElo "2631"]
[EventDate "2001.05.02"]

1. d4 d5 2. c4 c6 3. e3 Nf6 4. Nf3 a6 5. Nc3 b5 6. cxd5 cxd5 7. Bd2 e6 8.
Ne5 Bd6 9. Be2 O-O 10. O-O Nbd7 11. Nd3 Qe7 12. b4 Nb6 13. Nc5 Bd7 14. Bf3
Bc6 15. Re1 Nc4 16. e4 dxe4 17. N3xe4 Nxe4 18. Bxe4 Bxe4 19. Rxe4 Rfd8 20.
Bc3 a5 21. Qf3 axb4 22. Bxb4 Qg5 23. g3 Qd5 24. Qe2 e5 25. Rd1 Bxc5 26.
Bxc5 Rxa2 27. Qxa2 Qxe4 28. d5 Qf3 29. Qa1 h5 30. Be7 Rd7 31. d6 h4 32.
gxh4 Ra7 33. Qxa7 Qxd1+ 34. Kg2 Qg4+ 35. Kh1 Qd1+ 36. Kg2 Qg4+ 37. Kh1 Qf3+
38. Kg1 Qd1+ 1/2-1/2

[Event "3rd Julian Borowski A"]
[Site "Essen GER"]
[Date "2001.05.11"]
[Round "9"]
[White "Kasimdzhanov,R"]
[Black "Jussupow,A"]
[Result "1/2-1/2"]
[WhiteElo "2693"]
[BlackElo "2645"]
[EventDate "2001.05.02"]

1. e4 e5 2. Nf3 Nf6 3. Nxe5 d6 4. Nf3 Nxe4 5. d4 d5 6. Bd3 Nc6 7. O-O Be7
8. Re1 Bg4 9. c4 Nf6 10. Nc3 Bxf3 11. Qxf3 Nxd4 12. Qd1 Ne6 13. cxd5 Nxd5
14. Bb5+ c6 15. Nxd5 cxb5 16. Bf4 Nxf4 17. Rxe7+ Kf8 18. Re5 Qd6 19. Rf5
Rd8 20. Ne3 Qxd1+ 21. Rxd1 Rxd1+ 22. Nxd1 Ne6 23. Rxb5 b6 24. Nc3 Ke7
1/2-1/2

[Event "3rd Julian Borowski A"]
[Site "Essen GER"]
[Date "2001.05.11"]
[Round "9"]
[White "Nijboer,F"]
[Black "Bischoff,K"]
[Result "1-0"]
[WhiteElo "2580"]
[BlackElo "2533"]
[EventDate "2001.05.02"]

1. e4 c5 2. Nf3 d6 3. d4 cxd4 4. Nxd4 Nf6 5. Nc3 a6 6. Bc4 e6 7. Bb3 Nbd7
8. f4 Nc5 9. Qf3 b5 10. f5 Bd7 11. a3 Be7 12. Be3 Qc8 13. Rd1 Rb8 14. O-O
b4 15. axb4 Rxb4 16. Qg3 Nxb3 17. cxb3 e5 18. Nd5 Nxd5 19. exd5 exd4 20.
Bd2 Qc5 21. Bxb4 Qxd5 22. Rde1 Kf8 23. Rxe7 Kxe7 24. Qg5+ 1-0

[Event "3rd Julian Borowski B"]
[Site "Essen GER"]
[Date "2001.05.02"]
[Round "1"]
[White "Fridman,D"]
[Black "De Gleria,F"]
[Result "1-0"]
[WhiteElo "2559"]
[BlackElo "2432"]
[EventDate "2001.05.02"]

1. Nf3 Nf6 2. c4 g6 3. g3 Bg7 4. Bg2 O-O 5. d4 c6 6. Nc3 d6 7. O-O Qa5 8.
e4 Bg4 9. h3 Bxf3 10. Bxf3 e5 11. Be3 exd4 12. Bxd4 Nbd7 13. Rb1 Qd8 14.
Bg2 Qe7 15. f4 Rfe8 16. Qd2 a6 17. Rbd1 Rad8 18. Rfe1 h5 19. Bf2 Nc5 20. b4
Ne6 21. Bb6 Rd7 22. Nd5 Qf8 23. Nxf6+ Bxf6 24. h4 Bd8 25. Be3 Ng7 26. a4
Bc7 27. b5 Rde7 28. Bf2 axb5 29. axb5 Ra8 30. b6 Bb8 31. c5 Rd7 32. Qb2 Rd8
33. Qf6 Ne6 34. f5 Qg7 35. Qe7 Qf8 36. Qxb7 1-0

[Event "3rd Julian Borowski B"]
[Site "Essen GER"]
[Date "2001.05.02"]
[Round "1"]
[White "Seul,G"]
[Black "Kveinys,A"]
[Result "1/2-1/2"]
[WhiteElo "2434"]
[BlackElo "2533"]
[EventDate "2001.05.02"]

1. e4 c5 2. Nf3 e6 3. c3 Nf6 4. e5 Nd5 5. d4 cxd4 6. cxd4 d6 7. Bc4 Nc6 8.
O-O Be7 9. Qe2 O-O 10. Rd1 Na5 11. Bxd5 exd5 12. Nc3 Be6 13. Bf4 Nc4 14. b3
dxe5 15. dxe5 Nb6 16. Nb5 Nd7 17. Rac1 Qa5 18. Bg5 Bc5 19. Nd6 Qa6 20. Qxa6
bxa6 21. Be7 Rfb8 22. Kf1 1/2-1/2

[Event "3rd Julian Borowski B"]
[Site "Essen GER"]
[Date "2001.05.02"]
[Round "1"]
[White "Van der Wiel,J"]
[Black "Appel,R"]
[Result "0-1"]
[WhiteElo "2493"]
[BlackElo "2481"]
[EventDate "2001.05.02"]

1. e4 Nf6 2. e5 Nd5 3. d4 d6 4. Nf3 g6 5. Bc4 c6 6. exd6 Qxd6 7. O-O Bg7 8.
Nbd2 Bf5 9. c3 O-O 10. Nh4 Bc8 11. Re1 Nd7 12. Nhf3 b6 13. Ne4 Qc7 14. Bg5
Bb7 15. Qd2 a5 16. a4 e6 17. Bh6 c5 18. Bb5 N7f6 19. Nxf6+ Nxf6 20. Bf4 Qc8
21. Ne5 cxd4 22. cxd4 Bd5 23. Rac1 Qb7 24. f3 Rfc8 25. Rc3 Bf8 26. Bg5 Nh5
27. Nd7 Bb4 28. g4 Ng7 29. Bf6 Bc6 30. Qh6 Ne8 31. Rxc6 Rxc6 32. d5 Rc2 33.
Bd4 Qxd5 34. Re4 Rd8 35. Nxb6 Qxd4+ 36. Rxd4 Rxd4 37. Nd7 Rd1+ 38. Bf1 Rxd7
39. h4 Bc5+ 40. Kh1 Rd1 0-1

[Event "3rd Julian Borowski B"]
[Site "Essen GER"]
[Date "2001.05.02"]
[Round "1"]
[White "Siebrecht,S"]
[Black "Pelletier,Y"]
[Result "0-1"]
[WhiteElo "2393"]
[BlackElo "2531"]
[EventDate "2001.05.02"]

1. d4 Nf6 2. Nf3 d5 3. Bg5 Ne4 4. Bf4 c5 5. e3 Qb6 6. Qc1 Nc6 7. c3 g6 8.
Nbd2 Nxd2 9. Qxd2 Bg7 10. Be2 O-O 11. O-O Bf5 12. Nh4 Be6 13. h3 f6 14. Bh2
Bf7 15. Nf3 Kh8 16. Bd3 Rad8 17. Qe2 e5 18. dxe5 fxe5 19. Ng5 Bg8 20. c4 e4
21. Bc2 Qxb2 22. Rab1 Qxa2 23. Rxb7 h6 24. cxd5 Bxd5 25. Qg4 Qxc2 26. Bc7
Rde8 27. Qd7 Ne7 28. Ne6 Bc6 29. Qd6 Bxb7 30. Nxf8 Bxf8 31. Qf4 Bg7 32. Qf7
Bc6 33. Bd6 Qd3 0-1

[Event "3rd Julian Borowski B"]
[Site "Essen GER"]
[Date "2001.05.02"]
[Round "1"]
[White "Naiditsch,A"]
[Black "Schaefer,Ma"]
[Result "1/2-1/2"]
[WhiteElo "2487"]
[BlackElo "2393"]
[EventDate "2001.05.02"]

1. e4 e6 2. d4 d5 3. Nd2 Nf6 4. e5 Nfd7 5. Bd3 c5 6. c3 Nc6 7. Ne2 cxd4 8.
cxd4 f6 9. exf6 Nxf6 10. Nf3 Qc7 11. O-O Bd6 12. Bg5 O-O 13. Bh4 a6 14. Bg3
Bd7 15. Rc1 Be8 16. Ne5 Nh5 17. Nxc6 Bxc6 18. Bxd6 Qxd6 19. Re1 Rf6 20. Nc3
Nf4 21. Bf1 Ng6 22. g3 Raf8 23. f4 Ne7 24. Bh3 Rh6 25. Bg4 Bd7 26. Rc2 Rg6
27. Bh5 Rh6 28. Bf3 g5 29. fxg5 Rg6 30. Rf2 Rxg5 31. Ref1 Rgf5 32. Qd2 Ng6
33. a4 Qb4 34. Bg4 Rxf2 35. Rxf2 Rxf2 36. Qxf2 Qe7 37. Qe3 Kg7 38. h4 Qf7
39. h5 Nf8 40. Qe5+ Qf6 41. h6+ Kf7 42. Bh5+ Ng6 43. g4 Bc6 44. Qc7+ Kg8
45. Ne2 Nf8 46. Qf4 Qxf4 47. Nxf4 Bxa4 48. g5 a5 49. Kf2 Bc6 50. Ke3 b5 51.
Kd2 b4 52. Kc2 Ba4+ 53. Kc1 Bb5 54. Kd2 a4 55. Kc1 a3 56. bxa3 bxa3 57. Kb1
Bc4 58. Ka1 Bb3 59. Be8 Bc4 60. Nh5 e5 61. Nf6+ Kh8 62. dxe5 Ne6 63. Bd7
Nd4 64. Ba4 Ne6 65. Ne8 d4 66. Nd6 Bd5 67. Nf5 Nxg5 68. Nxd4 Kg8 69. Ne2
1/2-1/2

[Event "3rd Julian Borowski B"]
[Site "Essen GER"]
[Date "2001.05.03"]
[Round "2"]
[White "De Gleria,F"]
[Black "Schaefer,Ma"]
[Result "0-1"]
[WhiteElo "2432"]
[BlackElo "2393"]
[EventDate "2001.05.02"]

1. e4 e6 2. d4 d5 3. Nc3 Nf6 4. Bg5 Be7 5. e5 Nfd7 6. Bxe7 Qxe7 7. f4 O-O
8. Nf3 c5 9. Qd2 Nc6 10. dxc5 Qxc5 11. Bd3 f6 12. exf6 Nxf6 13. a3 a6 14.
b4 Qa7 15. h3 b5 16. Qf2 Qc7 17. Ne2 Ne4 18. Bxe4 dxe4 19. Ng5 e5 20. Qc5
exf4 21. Nd4 Qe5 22. Nxc6 Qxa1+ 23. Kf2 e3+ 24. Kf3 Qf6 25. Qd5+ Kh8 26.
Ne5 Ra7 27. Rd1 Bb7 0-1

[Event "3rd Julian Borowski B"]
[Site "Essen GER"]
[Date "2001.05.03"]
[Round "2"]
[White "Pelletier,Y"]
[Black "Naiditsch,A"]
[Result "0-1"]
[WhiteElo "2531"]
[BlackElo "2487"]
[EventDate "2001.05.02"]

1. d4 Nf6 2. c4 e6 3. Nf3 Bb4+ 4. Bd2 Qe7 5. g3 Nc6 6. Nc3 Bxc3 7. Bxc3 Ne4
8. Qc2 Nxc3 9. Qxc3 O-O 10. Bg2 d6 11. O-O e5 12. d5 Nd8 13. c5 f5 14. Rac1
Nf7 15. cxd6 cxd6 16. Qe3 Qf6 17. Rc7 b6 18. h4 Ba6 19. Ng5 Nxg5 20. hxg5
Qd8 21. Rfc1 f4 22. gxf4 Rxf4 23. Qg3 Rc8 24. R7c6 Bb7 25. e3 Rf8 26. Rxc8
Bxc8 27. Be4 g6 28. Bd3 Qe7 29. e4 Qd8 30. a4 Rf4 31. f3 Rxf3 0-1

[Event "3rd Julian Borowski B"]
[Site "Essen GER"]
[Date "2001.05.03"]
[Round "2"]
[White "Kveinys,A"]
[Black "Van der Wiel,J"]
[Result "1/2-1/2"]
[WhiteElo "2533"]
[BlackElo "2493"]
[EventDate "2001.05.02"]

1. e4 e5 2. Nf3 Nc6 3. Bc4 Nf6 4. d3 Be7 5. c3 O-O 6. Nbd2 d6 7. Bb3 Be6 8.
Bc2 d5 9. O-O dxe4 10. dxe4 Ne8 11. Bb3 Bxb3 12. Qxb3 Nd6 13. Qd5 Bf6 14.
Nb3 Qc8 15. Nc5 Ne7 16. Qd3 b6 17. Nb3 Rd8 18. Qe2 Qb7 19. Re1 Ng6 20. g3
Qc6 1/2-1/2

[Event "3rd Julian Borowski B"]
[Site "Essen GER"]
[Date "2001.05.03"]
[Round "2"]
[White "Fridman,D"]
[Black "Seul,G"]
[Result "1-0"]
[WhiteElo "2559"]
[BlackElo "2434"]
[EventDate "2001.05.02"]

1. Nf3 d5 2. d4 Bf5 3. c4 e6 4. Nc3 Nc6 5. Bg5 Be7 6. Bxe7 Ngxe7 7. e3 O-O
8. Nh4 Be4 9. Be2 h6 10. O-O Bh7 11. Nf3 Qd6 12. a3 dxc4 13. Bxc4 Nd5 14.
Rc1 Rad8 15. Na4 b6 16. Bb5 Nce7 17. Re1 Nf6 18. b4 c6 19. Bf1 Nd7 20. Nb2
Qb8 21. Nd3 Bxd3 22. Bxd3 e5 23. Bb1 exd4 24. exd4 Qd6 25. Qa4 Rfe8 26. Ne5
Qxd4 27. Rcd1 Qc3 28. Re3 Qxe3 29. fxe3 Nxe5 30. Rxd8 Rxd8 31. Qxa7 Nd5 32.
Be4 Nf6 33. Bf3 b5 34. Qc7 Nxf3+ 35. gxf3 Rd1+ 36. Kf2 Rc1 37. Qc8+ Kh7 38.
Qf5+ Kg8 39. Qc8+ Kh7 40. Qf5+ Kg8 41. e4 Nh7 42. Qc8+ Nf8 43. f4 g6 44. f5
gxf5 45. exf5 Rc4 46. Ke3 h5 47. Qd8 h4 48. Kd3 Rg4 49. Qc7 h3 50. Qxc6 Nh7
51. Qxb5 Ng5 52. a4 Rg2 53. a5 Nf3 54. a6 1-0

[Event "3rd Julian Borowski B"]
[Site "Essen GER"]
[Date "2001.05.04"]
[Round "3"]
[White "Seul,G"]
[Black "De Gleria,F"]
[Result "1-0"]
[WhiteElo "2434"]
[BlackElo "2432"]
[EventDate "2001.05.02"]

1. d4 Nf6 2. Bg5 e6 3. c3 c5 4. e3 cxd4 5. exd4 Be7 6. Nd2 O-O 7. Bd3 b6 8.
Ngf3 Ba6 9. Bxa6 Nxa6 10. O-O h6 11. Bh4 d6 12. Ne1 Qd7 13. Nd3 Rfc8 14.
Qe2 Nc7 15. f4 b5 16. Bxf6 Bxf6 17. g4 Nd5 18. Ne4 Bd8 19. f5 e5 20. dxe5
dxe5 21. Rad1 Bb6+ 22. Kh1 Qb7 23. Qf3 Rd8 24. Nb4 Kh8 25. Nxd5 Rxd5 26.
Nd6 1-0

[Event "3rd Julian Borowski B"]
[Site "Essen GER"]
[Date "2001.05.04"]
[Round "3"]
[White "Van der Wiel,J"]
[Black "Fridman,D"]
[Result "1/2-1/2"]
[WhiteElo "2493"]
[BlackElo "2559"]
[EventDate "2001.05.02"]

1. e4 d5 2. exd5 Qxd5 3. Nc3 Qa5 4. Bc4 c6 5. Nge2 Nf6 6. O-O b5 7. Bb3 e6
8. Nf4 b4 9. Na4 Bd6 10. d4 Qc7 11. Nh5 Bxh2+ 12. Kh1 Nxh5 13. Qxh5 Bf4 14.
Qg4 g5 15. Bxf4 Qxf4 16. Qxf4 gxf4 17. Rfe1 Nd7 18. Re4 f3 19. gxf3 Rb8 20.
Nc5 Nxc5 21. dxc5 Rg8 22. Rg1 Rxg1+ 23. Kxg1 Ke7 24. Rh4 1/2-1/2

[Event "3rd Julian Borowski B"]
[Site "Essen GER"]
[Date "2001.05.04"]
[Round "3"]
[White "Siebrecht,S"]
[Black "Kveinys,A"]
[Result "1-0"]
[WhiteElo "2393"]
[BlackElo "2533"]
[EventDate "2001.05.02"]

1. c4 e5 2. Nc3 Nf6 3. g3 Bb4 4. Bg2 O-O 5. Qc2 Re8 6. a3 Bf8 7. d3 h6 8.
e4 a5 9. Nge2 Bc5 10. O-O Nc6 11. h3 d6 12. Rb1 Bd7 13. Kh2 Nh7 14. b3 Qc8
15. f4 exf4 16. gxf4 f5 17. Nd5 Nd4 18. Nxd4 Bxd4 19. Bb2 Bxb2 20. Qxb2 Qd8
21. Rg1 Rf8 22. Bf3 g5 23. e5 c6 24. fxg5 hxg5 25. Nf6+ Kh8 26. Nh5 dxe5
27. Qxe5+ Nf6 28. Rxg5 Qb8 29. d4 Be8 30. Rbg1 Qxe5+ 31. dxe5 Nh7 32. Rg7
Bf7 33. Nf4 Rae8 34. Rxf7 Rxf7 35. Bh5 1-0

[Event "3rd Julian Borowski B"]
[Site "Essen GER"]
[Date "2001.05.04"]
[Round "3"]
[White "Naiditsch,A"]
[Black "Appel,R"]
[Result "1/2-1/2"]
[WhiteElo "2487"]
[BlackElo "2481"]
[EventDate "2001.05.02"]

1. e4 e5 2. Nf3 d6 3. d4 exd4 4. Nxd4 g6 5. Bc4 Bg7 6. O-O Ne7 7. Nc3 O-O
8. Bg5 h6 9. Bh4 g5 10. Bg3 Nbc6 11. Nxc6 Nxc6 12. f4 gxf4 13. Bxf4 Be6 14.
Bb3 Kh7 15. Ne2 Qh4 16. c3 Rae8 17. Ng3 Be5 18. Qd2 Rg8 19. Rf2 Rg4 20.
Raf1 Reg8 21. Bd1 Bxf4 22. Rxf4 Rxf4 23. Rxf4 Qg5 24. Nh5 Rg6 25. Qf2 Kh8
26. h4 Qe5 27. Ng3 Qc5 28. Qxc5 dxc5 29. Nf5 Bxa2 30. Bh5 Rf6 31. g4 Ne5
32. Kh2 Rb6 33. Kg3 Kh7 34. Rf2 Be6 35. Ne3 Rd6 36. g5 hxg5 37. hxg5 Rd3
38. Kf4 Ng6+ 39. Kf3 c4 40. Ke2 b5 41. Rf6 Ne5 42. g6+ Kg7 43. gxf7 Bxf7
44. Rf5 Ng6 45. Bxg6 1/2-1/2

[Event "3rd Julian Borowski B"]
[Site "Essen GER"]
[Date "2001.05.04"]
[Round "3"]
[White "Schaefer,Ma"]
[Black "Pelletier,Y"]
[Result "1/2-1/2"]
[WhiteElo "2393"]
[BlackElo "2531"]
[EventDate "2001.05.02"]

1. e4 c5 2. Nf3 d6 3. d4 cxd4 4. Nxd4 Nf6 5. Nc3 Nc6 6. f4 e5 7. Nf3 Be7 8.
Bd3 O-O 9. O-O exf4 10. Bxf4 Be6 11. Kh1 Ng4 12. Qe1 Bf6 13. Rd1 Nge5 14.
Qg3 Nxf3 15. gxf3 Be5 16. Bxe5 dxe5 17. Nd5 Rc8 18. c4 f6 19. c5 Nd4 20.
Rg1 g6 21. Ne3 Rxc5 22. f4 exf4 23. Qxf4 Qc7 24. Qf2 Qe5 25. Qg2 Kh8 26.
Rgf1 Qg5 27. Qxg5 Rxg5 28. Bc4 Nc2 29. Nd5 Bxd5 30. Rxd5 Rg4 31. Rd3 Rxe4
32. Bb3 Ne3 33. Rc1 Rfe8 34. Rd7 R8e7 35. Rcc7 Rxd7 36. Rxd7 Ng4 37. Kg2
Ne5 38. Rxb7 Re2+ 39. Kg3 Rxb2 40. Rxa7 g5 41. h4 h5 42. Bf7 Rc2 43. hxg5
Nxf7 1/2-1/2

[Event "3rd Julian Borowski B"]
[Site "Essen GER"]
[Date "2001.05.05"]
[Round "4"]
[White "De Gleria,F"]
[Black "Pelletier,Y"]
[Result "1-0"]
[WhiteElo "2432"]
[BlackElo "2531"]
[EventDate "2001.05.02"]

1. e4 c5 2. Nf3 d6 3. d4 cxd4 4. Qxd4 a6 5. c4 Nf6 6. Nc3 e6 7. Be2 Be7 8.
O-O O-O 9. b3 Nbd7 10. Bb2 Qc7 11. Rad1 b6 12. Qe3 Bb7 13. Bd3 Rfe8 14. h3
Rac8 15. Bb1 Qb8 16. Nd4 Bf8 17. Rfe1 g6 18. g4 Ba8 19. Rd2 Qb7 20. Nde2 b5
21. cxb5 axb5 22. Ng3 h6 23. Qe2 b4 24. Nb5 d5 25. e5 Nh7 26. h4 Be7 27. h5
Nhf8 28. hxg6 fxg6 29. f4 Nc5 30. Nd4 Bh4 31. Qh2 Bxg3 32. Qxg3 Ne4 33.
Bxe4 dxe4 34. Rh2 Qb6 35. Rxh6 Re7 36. Re2 Rd8 37. Qh4 Rh7 38. Rxh7 Nxh7
39. Rh2 Rd7 40. Qf2 Qa7 41. Rh6 e3 42. Rxg6+ Kf7 43. Qh4 Nf8 44. Rf6+ Kg8
45. Rxf8+ Kxf8 46. Nxe6+ Kg8 47. Qg5+ Rg7 48. Qd8+ Kf7 49. Qf6+ Kg8 50.
Qxg7+ Qxg7 51. Nxg7 Kxg7 52. Bd4 Be4 53. Bxe3 Bb1 54. a4 1-0

[Event "3rd Julian Borowski B"]
[Site "Essen GER"]
[Date "2001.05.05"]
[Round "4"]
[White "Appel,R"]
[Black "Schaefer,Ma"]
[Result "1-0"]
[WhiteElo "2481"]
[BlackElo "2393"]
[EventDate "2001.05.02"]

1. Nf3 Nf6 2. g3 g6 3. Bg2 Bg7 4. O-O O-O 5. c4 d6 6. Nc3 e5 7. b4 a5 8. b5
Re8 9. d4 exd4 10. Nxd4 Nbd7 11. Ba3 Nb6 12. c5 Nc4 13. c6 d5 14. cxb7 Bxb7
15. Bc5 Ne4 16. Nxe4 dxe4 17. Rc1 Qd5 18. Qb3 Qxc5 19. Rxc4 Qe5 20. Nc6
Bxc6 21. Rxc6 Rab8 22. a4 Bf8 23. Rc4 Qd5 24. Qc2 Bd6 25. Bxe4 Qh5 26. Bf3
Qg5 27. Bc6 Re7 28. f4 Qg4 29. e4 Bb4 30. Bd5 h5 31. f5 h4 32. e5 Qg5 33.
fxg6 hxg3 34. gxf7+ Kg7 35. h4 Qe3+ 36. Kg2 Qxe5 37. Rg4+ 1-0

[Event "3rd Julian Borowski B"]
[Site "Essen GER"]
[Date "2001.05.05"]
[Round "4"]
[White "Kveinys,A"]
[Black "Naiditsch,A"]
[Result "1-0"]
[WhiteElo "2533"]
[BlackElo "2487"]
[EventDate "2001.05.02"]

1. e4 c5 2. Nf3 d6 3. d4 cxd4 4. Nxd4 Nf6 5. Nc3 a6 6. h3 g6 7. Bc4 Bg7 8.
O-O O-O 9. Re1 Nc6 10. Bb3 Bd7 11. Bg5 Nxd4 12. Qxd4 h6 13. Bd2 Rc8 14. Qd3
Bc6 15. Rad1 Nd7 16. Qg3 Nc5 17. Bd5 e6 18. Bxc6 bxc6 19. Bf4 e5 20. Bc1
Qe7 21. b3 Rfd8 22. Ba3 Ne6 23. Na4 Bf8 24. Bb4 Rb8 25. Ba5 Re8 26. Nb6 Nf4
27. Nc4 Qe6 28. Qg4 Rb7 29. Qxe6 Rxe6 30. Bd2 Nh5 31. Bc1 Nf6 32. f3 Rd7
33. Bb2 Be7 34. g4 Rd8 35. Kg2 Ne8 36. Re3 f6 37. Red3 Nc7 38. Ne3 Bf8 39.
Bc3 Rd7 40. Ba5 Nb5 41. c3 Na7 42. h4 Kf7 43. Rh1 Re8 44. h5 g5 45. Rhd1
Rb8 46. Bb4 Ke6 47. Nf5 Rbd8 48. Kf1 Nb5 49. R1d2 Na7 50. Ke2 Nb5 51. Kd1
Na7 52. Kc2 Nb5 53. c4 Na7 54. Ba5 Rb8 55. b4 Rbb7 56. a4 Rb8 57. Kd1 Rbb7
58. Ke2 Nc8 59. Rb3 Na7 60. Ne3 Be7 61. Rdb2 Rb8 62. b5 axb5 63. Nf5 Bf8
64. Bd2 Rdb7 65. cxb5 cxb5 66. Be3 d5 67. exd5+ Kxd5 68. Bxa7 Rxa7 69.
Rxb5+ Rxb5 70. Rxb5+ Bc5 71. Rb8 Rxa4 72. Rd8+ Kc4 73. Nxh6 Ra2+ 74. Rd2
Ra1 75. Nf5 Rh1 76. Ne3+ Kb5 77. Kd3 Kc6 78. Rd1 Rh2 79. Nf1 Rh3 80. Ke4
Bd4 81. Nd2 Kd6 82. Kf5 Ke7 83. Rf1 e4 84. Nxe4 Kf7 85. Nd6+ Kg7 86. Ke6
Kf8 87. Nf5 Be5 88. Rd1 Kg8 89. Rd8+ Kh7 90. Rd7+ Kh8 91. Kf7 Kh7 92. Kf8+
Kh8 93. Ne7 1-0

[Event "3rd Julian Borowski B"]
[Site "Essen GER"]
[Date "2001.05.05"]
[Round "4"]
[White "Fridman,D"]
[Black "Siebrecht,S"]
[Result "0-1"]
[WhiteElo "2559"]
[BlackElo "2393"]
[EventDate "2001.05.02"]

1. d4 Nf6 2. c4 g6 3. g3 Bg7 4. Bg2 O-O 5. Nc3 d6 6. Nf3 Nc6 7. O-O e5 8.
d5 Ne7 9. c5 Ne8 10. cxd6 Nxd6 11. Qb3 h6 12. e4 f5 13. Re1 g5 14. exf5
Rxf5 15. h3 Qf8 16. Nb5 Nxb5 17. d6+ Qf7 18. dxe7 Nd6 19. Qxf7+ Rxf7 20.
e8=Q+ Nxe8 21. Nxe5 Re7 22. Bd5+ Kh7 23. Be4+ Kg8 24. Bd5+ Kh7 25. Be4+ Kg8
26. Ng6 Rxe4 27. Rxe4 Bxh3 28. Kh2 Nd6 29. Re1 Bg4 30. f4 Bh5 31. Ne7+ Kf7
32. Nd5 Bf3 33. Nb4 Be4 34. fxg5 hxg5 35. Bxg5 a5 36. Rac1 axb4 37. Rxc7+
Kg6 38. Be7 Be5 39. Bh4 Rxa2 40. Re2 Rxb2 41. Rxb2 Bxb2 42. Be7 Be5 43. Rc5
b3 44. Bxd6 Bxd6 45. Rb5 Bc2 0-1

[Event "3rd Julian Borowski B"]
[Site "Essen GER"]
[Date "2001.05.05"]
[Round "4"]
[White "Seul,G"]
[Black "Van der Wiel,J"]
[Result "1-0"]
[WhiteElo "2434"]
[BlackElo "2493"]
[EventDate "2001.05.02"]

1. d4 Nf6 2. Bg5 c5 3. Bxf6 gxf6 4. d5 Qb6 5. Qc1 f5 6. Nh3 d6 7. c4 Bg7 8.
Nc3 Nd7 9. e3 Nf6 10. Bd3 Ne4 11. Qc2 Qxb2 12. Qxb2 Bxc3+ 13. Qxc3 Nxc3 14.
Kd2 Ne4+ 15. Bxe4 fxe4 16. Nf4 Rg8 17. Kc3 Kd8 18. f3 Bf5 19. g4 Bg6 20.
Raf1 Ke8 21. h3 exf3 22. Nxg6 hxg6 23. Rxf3 Rh8 24. e4 g5 25. Re1 f6 26.
Rb1 Rb8 27. Kc2 Kd7 28. Ra3 Kc7 29. Rab3 a6 30. a4 b5 31. a5 bxc4 32. Rb6
Rxb6 33. Rxb6 Rxh3 34. Rxa6 Ra3 35. Ra7+ Kb8 36. Rxe7 Rxa5 37. Kc3 Ra3+ 38.
Kxc4 Rg3 39. Kb5 c4 40. Kxc4 Rxg4 41. Kb5 Rf4 42. Kb6 Kc8 43. Kc6 Kd8 44.
Kxd6 g4 45. Ra7 Kc8 46. Kc6 Kb8 47. Rb7+ Ka8 48. Re7 Rf3 49. d6 Rc3+ 50.
Kd5 Rd3+ 51. Ke6 g3 52. Rg7 Kb8 53. Rg8+ 1-0

[Event "3rd Julian Borowski B"]
[Site "Essen GER"]
[Date "2001.05.07"]
[Round "5"]
[White "Van der Wiel,J"]
[Black "De Gleria,F"]
[Result "1-0"]
[WhiteElo "2493"]
[BlackElo "2432"]
[EventDate "2001.05.02"]

1. e4 c5 2. Nf3 d6 3. d4 cxd4 4. Nxd4 Nf6 5. Nc3 Nc6 6. Bg5 e6 7. Qd2 a6 8.
O-O-O h6 9. Be3 Be7 10. f4 Nxd4 11. Bxd4 b5 12. Be2 b4 13. Na4 Rb8 14. Bxf6
Bxf6 15. Qxd6 Qxd6 16. Rxd6 Be7 17. Rb6 Rxb6 18. Nxb6 Bb7 19. Bf3 g5 20. f5
h5 21. h3 Bc5 22. Nc4 exf5 23. exf5 Bxf3 24. gxf3 Ke7 25. Rd1 Rc8 26. Rd5
Bf2 27. Nd2 f6 28. Ne4 Be3+ 29. Kd1 Rc6 30. b3 Bf4 31. Rc5 Rb6 32. Ke2 Be5
33. Kd3 Rb8 34. Rc6 Rd8+ 35. Ke2 Rd5 36. Rxa6 Bb2 37. Re6+ Kf7 38. Rb6 Bc3
39. Rc6 Bb2 40. Rc5 1-0

[Event "3rd Julian Borowski B"]
[Site "Essen GER"]
[Date "2001.05.07"]
[Round "5"]
[White "Siebrecht,S"]
[Black "Seul,G"]
[Result "1/2-1/2"]
[WhiteElo "2393"]
[BlackElo "2434"]
[EventDate "2001.05.02"]

1. e4 e5 2. Nf3 Nc6 3. Bb5 g6 4. d4 exd4 5. Bg5 Be7 6. Bxe7 Qxe7 7. O-O Qb4
8. Bxc6 dxc6 9. Qxd4 Qxd4 10. Nxd4 Nf6 11. e5 Nd5 12. c4 Nf4 13. Nc3 Bd7
14. Rad1 O-O-O 15. g3 Nh3+ 16. Kh1 Rhe8 17. f4 Bg4 18. Rd2 c5 19. Nb3 b6
20. Kg2 h5 21. Nd5 g5 22. Nf6 Rxd2+ 23. Nxd2 Rd8 24. Nde4 gxf4 25. gxf4 Bf5
26. Rf3 Rd4 27. Rxh3 Bxe4+ 28. Nxe4 Rxe4 29. Kf3 Rxc4 30. Rxh5 Kd7 31. Rg5
Ke6 32. h4 Rc1 33. Rg2 Rh1 34. Kg4 f6 35. exf6 Kxf6 36. h5 c4 37. Rd2 Rg1+
38. Kf3 Rh1 39. Rd7 Rxh5 40. Rxc7 Rh2 41. Rxa7 1/2-1/2

[Event "3rd Julian Borowski B"]
[Site "Essen GER"]
[Date "2001.05.07"]
[Round "5"]
[White "Schaefer,Ma"]
[Black "Kveinys,A"]
[Result "1/2-1/2"]
[WhiteElo "2393"]
[BlackElo "2533"]
[EventDate "2001.05.02"]

1. e4 c5 2. Nf3 d6 3. d4 cxd4 4. Nxd4 Nf6 5. Nc3 g6 6. Be3 Bg7 7. f3 O-O 8.
Qd2 Nc6 9. O-O-O Nxd4 10. Bxd4 Be6 11. Kb1 Qc7 12. Nd5 Bxd5 13. exd5 Rac8
14. Rc1 Nd7 15. Bxg7 Kxg7 16. g4 Ne5 17. Be2 b5 18. h4 f5 19. h5 f4 20.
hxg6 hxg6 21. Rh4 Qc5 22. Rch1 Rh8 23. Rxh8 Rxh8 24. Rxh8 Qg1+ 25. Qc1
Qxc1+ 26. Kxc1 Kxh8 27. b4 g5 28. Kd2 Kg7 29. c4 bxc4 30. Kc3 Kf7 31. Kd4
Ke8 32. b5 Kd7 33. a4 a5 34. bxa6 Kc7 35. a5 Kb8 36. Kc3 Ka8 37. Kb4 Ka7
38. Kc3 Kxa6 39. Kb4 Kb7 40. Kc3 Ka7 41. Kb4 Ka6 42. Ka4 1/2-1/2